[Event "IRL-ch Seniors 50/65"]
[White "Moss, Robin"]
[Black "Morriss, Pete R"]
[Site "Dublin"]
[Round "4"]
[Result "1-0"]
[Date "2020.01.04"]
[WhiteElo "2269"]
[BlackElo "2001"]
[PlyCount "61"]
[EventDate "2020.01.02"]
[EventType "swiss"]
[EventRounds "7"]
[EventCountry "IRL"]
[SourceTitle "EXT 2024"]
[Source "ChessBase"]
[SourceDate "2023.10.10"]
[SourceVersion "1"]
[SourceVersionDate "2023.10.10"]
[SourceQuality "1"]

1. e4 c6 2. Nf3 d5 3. Nc3 dxe4 4. Nxe4 Nf6 5. Nxf6+ gxf6 6. d4 Bg4 7. Be2 e6 8. Bf4 Bd6 9. Qd2 Qc7 10. Bxd6 Qxd6 11. 0-0-0 Nd7 12. Kb1 0-0-0 13. Qh6 Qe7 14. h3 Bxf3 15. Bxf3 Nb6 16. Rhe1 f5 17. g4 fxg4 18. hxg4 Qc7 19. Rh1 Nc4 20. Be2 Nb6 21. c3 Nd5 22. Bd3 Qb6 23. Qc1 h6 24. Be4 Rdg8 25. f3 Rg5 26. c4 Nf6 27. Bc2 Qa5 28. Qf4 Nd7 29. Qxf7 Rf8 30. Qxe6 Rxf3 31. Rxh6 1-0

[Event "IRL-ch Seniors 50/65"]
[White "Deneher, Jimmy"]
[Black "Moss, Robin"]
[Site "Dublin"]
[Round "1"]
[Result "0-1"]
[Date "2020.01.02"]
[WhiteElo "1740"]
[BlackElo "2269"]
[PlyCount "64"]
[EventDate "2020.01.02"]
[EventType "swiss"]
[EventRounds "7"]
[EventCountry "IRL"]
[SourceTitle "EXT 2024"]
[Source "ChessBase"]
[SourceDate "2023.10.10"]
[SourceVersion "1"]
[SourceVersionDate "2023.10.10"]
[SourceQuality "1"]

1. d4 Nf6 2. e3 g6 3. Bd3 d5 4. f4 Bg7 5. Nf3 c5 6. c3 0-0 7. 0-0 Nc6 8. Nbd2 b6 9. Ne5 Qc7 10. Qf3 e6 11. g4 Ne7 12. g5 Nd7 13. a3 a5 14. Qg3 Ba6 15. Bxa6 Rxa6 16. Ndf3 Nf5 17. Qh3 a4 18. Nh4 Nd6 19. Nhf3 b5 20. Nd2 Raa8 21. Qf3 Nb6 22. Qe2 Rac8 23. Rb1 Nbc4 24. dxc5 Bxe5 25. cxd6 Bxd6 26. Nxc4 bxc4 27. Bd2 Rb8 28. Qd1 Rb3 29. Qc2 Rfb8 30. Bc1 Bxa3 31. Rf2 Bc5 32. Re2 Qxf4 0-1

[Event "IECC CL1-2018.03 email"]
[White "Llorente Alvarez, Jose Luis"]
[Black "Moss, Robin"]
[Site "IECC email"]
[Round "?"]
[Result "1/2-1/2"]
[Date "2018.12.18"]
[WhiteElo "2189"]
[BlackElo "2274"]
[PlyCount "44"]
[EventDate "2018.??.??"]
[EventType "tourn (corr)"]
[EventRounds "4"]
[SourceTitle "Corr 2020"]
[Source "ChessBase"]
[SourceDate "2019.09.30"]
[SourceVersion "1"]
[SourceVersionDate "2019.09.30"]
[SourceQuality "1"]
[WhiteTeam "Spain"]
[BlackTeam "Scotland"]
[WhiteTeamCountry "ESP"]
[BlackTeamCountry "SCO"]

1. e4 c5 2. Nf3 d6 3. d4 cxd4 4. Nxd4 Nf6 5. Nc3 g6 6. Be3 Bg7 7. f3 0-0 8. Qd2 Nc6 9. Bc4 Bd7 10. 0-0-0 Rc8 11. Bb3 Nxd4 12. Bxd4 b5 13. Nd5 Nxd5 14. Bxg7 Kxg7 15. exd5 a5 16. a3 Kg8 17. h4 b4 18. axb4 axb4 19. h5 Bf5 20. hxg6 Bxg6 21. Qxb4 Rb8 22. Qc3 Qb6 1/2-1/2

[Event "BCF-chT3 0203 (4NCL)"]
[White "Moss, Robin"]
[Black "Richardson, Kevin Derek"]
[Site "West Bromwich"]
[Round "3.1"]
[Result "0-1"]
[Date "2003.01.18"]
[WhiteElo "2271"]
[BlackElo "2169"]
[PlyCount "62"]
[EventDate "2002.11.??"]
[EventType "team-tourn"]
[EventRounds "11"]
[EventCountry "ENG"]
[SourceTitle "EXT 2004"]
[Source "ChessBase"]
[SourceDate "2003.11.25"]
[SourceVersion "1"]
[SourceVersionDate "2003.11.25"]
[SourceQuality "1"]
[WhiteTeam "Mindsports"]
[BlackTeam "Guildford III"]
[WhiteTeamCountry "ENG"]
[BlackTeamCountry "ENG"]

1. e4 c5 2. Nf3 Nc6 3. Bb5 g6 4. 0-0 Bg7 5. Re1 Nf6 6. h3 0-0 7. c3 e5 8. Bxc6 dxc6 9. Nxe5 Re8 10. f4 Nxe4 11. Rxe4 f6 12. d4 fxe5 13. fxe5 cxd4 14. Qxd4 Bf5 15. Qc4+ Kh8 16. Rd4 Qb6 17. Na3 Bxe5 18. Be3 Qxb2 19. Re1 Qxa3 20. Bc1 Qa6 21. Qb4 Qb5 22. Rxe5 Qxb4 23. Rxe8+ Rxe8 24. Rxb4 Re1+ 25. Kf2 Rxc1 26. Rxb7 Rc2+ 27. Kf3 Rxa2 28. g4 Be6 29. Ke4 Bd5+ 30. Ke5 Re2+ 31. Kf6 Rf2+ 0-1

[Event "Hastings Challengers"]
[White "Moss, Robin"]
[Black "McNab, Colin Anderson"]
[Site "Hastings"]
[Round "1"]
[Result "1/2-1/2"]
[Date "2002.12.28"]
[WhiteElo "2271"]
[BlackElo "2406"]
[PlyCount "104"]
[EventDate "2002.12.28"]
[EventType "swiss"]
[EventRounds "9"]
[EventCountry "ENG"]
[SourceTitle "CBM 091 Extra"]
[Source "ChessBase"]
[SourceDate "2003.01.09"]
[SourceVersion "1"]
[SourceVersionDate "2003.01.09"]
[SourceQuality "1"]

1. e4 g6 2. d4 d6 3. Nc3 Bg7 4. Be3 Nf6 5. Nf3 c6 6. Qd2 Qa5 7. h3 Nbd7 8. Bd3 0-0 9. 0-0 e5 10. Nd5 Qxd2 11. Ne7+ Kh8 12. Nxd2 d5 13. exd5 Nxd5 14. Nxd5 exd4 15. Bf4 cxd5 16. Bd6 Re8 17. Rfe1 Re6 18. Rxe6 fxe6 19. f4 Nb8 20. Nf3 Nc6 21. b4 a6 22. a4 Bd7 23. Rb1 Bf8 24. Bxf8 Rxf8 25. b5 axb5 26. axb5 Ne7 27. g3 Ra8 28. Nxd4 Ra4 29. Nf3 Nf5 30. Kf2 Nd6 31. Ne5 Be8 32. b6 Kg7 33. Rb3 h5 34. Kf3 Kf6 35. h4 Ra1 36. c4 dxc4 37. Nxc4 Bc6+ 38. Kf2 Ra2+ 39. Rb2 Rxb2+ 40. Nxb2 Nc8 41. Nc4 Bd5 42. Ne5 Nxb6 43. Bxg6 Nc4 44. Bxh5 Nxe5 45. fxe5+ Kxe5 46. Ke3 b5 47. Kd3 b4 48. Bd1 Kf6 49. g4 e5 50. Ba4 Ba2 51. Bd1 Be6 52. Ke4 Bxg4 1/2-1/2

[Event "Quebec op"]
[White "Khassanov, Marat"]
[Black "Moss, Robin"]
[Site "Montreal"]
[Round "9"]
[Result "1-0"]
[Date "1999.07.31"]
[WhiteElo "2367"]
[BlackElo "2271"]
[PlyCount "117"]
[EventDate "1999.07.24"]
[EventType "swiss"]
[EventRounds "9"]
[EventCountry "CAN"]
[SourceTitle "EXT 2000"]
[Source "ChessBase"]
[SourceDate "1999.11.16"]
[SourceVersion "1"]
[SourceVersionDate "1999.11.16"]
[SourceQuality "1"]

1. e4 c5 2. Nf3 d6 3. d4 cxd4 4. Nxd4 Nf6 5. Nc3 g6 6. Be2 Bg7 7. 0-0 Nc6 8. Nb3 0-0 9. Re1 a5 10. a4 Be6 11. Bf1 Rc8 12. Nd5 Bxd5 13. exd5 Nb4 14. c4 Nd7 15. f4 Nb6 16. Nxa5 N6xd5 17. cxd5 Qxa5 18. Rxe7 Nc2 19. Rb1 Qc5+ 20. Kh1 Rfe8 21. Rxe8+ Rxe8 22. Bd2 Nd4 23. Bc3 Qxd5 24. Qd3 Qc5 25. b4 Qa7 26. a5 Nf5 27. Bd2 Qf2 28. Qd5 Bd4 29. Bc4 Re7 30. Rd1 Qxd2 31. Qxf7+ Rxf7 32. Rxd2 Bc3 33. Bxf7+ Kxf7 34. Rd5 Bxb4 35. Rb5 Bc5 36. Rxb7+ Ne7 37. a6 d5 38. a7 Bxa7 39. Rxa7 Ke6 40. Kg1 d4 41. Kf2 Nd5 42. Ra6+ Ke7 43. g3 d3 44. Ra3 Nb4 45. Rb3 d2 46. Ke2 Nc6 47. Rb7+ Ke6 48. Rxh7 Kf5 49. Kxd2 Nd4 50. Kd3 Nc6 51. Rb7 Nd8 52. Rb6 Nf7 53. h3 Nd8 54. Ke3 Ne6 55. g4+ Kf6 56. g5+ Kf7 57. Rxe6 Kxe6 58. Ke4 Kd6 59. f5 1-0

[Event "Quebec op"]
[White "Fillion, Steve"]
[Black "Moss, Robin"]
[Site "Montreal"]
[Round "4"]
[Result "1/2-1/2"]
[Date "1999.07.26"]
[WhiteElo "2208"]
[BlackElo "2271"]
[PlyCount "61"]
[EventDate "1999.07.24"]
[EventType "swiss"]
[EventRounds "9"]
[EventCountry "CAN"]
[SourceTitle "EXT 2000"]
[Source "ChessBase"]
[SourceDate "1999.11.16"]
[SourceVersion "1"]
[SourceVersionDate "1999.11.16"]
[SourceQuality "1"]

1. d4 Nf6 2. Nf3 c5 3. c4 cxd4 4. Nxd4 Nc6 5. Nc3 e6 6. Ndb5 d6 7. e4 a6 8. Nd4 Qa5 9. Nxc6 bxc6 10. Bd3 d5 11. exd5 cxd5 12. Bd2 Bb4 13. a3 Bxc3 14. Bxc3 Qc7 15. Bxf6 gxf6 16. cxd5 Qa5+ 17. b4 Qxd5 18. 0-0 Rg8 19. f3 Qg5 20. Qe2 f5 21. Rac1 h5 22. Rc5 Kd8 23. Rd1 Bd7 24. Ra5 h4 25. h3 Qg3 26. Kh1 Ke7 27. Rxa6 Rad8 28. Ra7 Kf6 29. a4 Bc6 30. b5 Bd5 31. b6 1/2-1/2

[Event "Hastings Challengers 9596"]
[White "Mortensen, Erling"]
[Black "Moss, Robin"]
[Site "Hastings"]
[Round "6"]
[Result "1-0"]
[Date "1995.??.??"]
[WhiteElo "2430"]
[BlackElo "2265"]
[PlyCount "111"]
[EventDate "1995.12.??"]
[EventType "swiss"]
[EventRounds "11"]
[EventCountry "ENG"]
[SourceTitle "CBM 050 Extra"]
[Source "ChessBase"]
[SourceDate "1996.03.01"]
[SourceVersion "1"]
[SourceVersionDate "1996.03.01"]
[SourceQuality "1"]

1. e4 c5 2. Nf3 e6 3. d4 cxd4 4. Nxd4 Nc6 5. Nc3 Qc7 6. Be3 a6 7. Bd3 Nf6 8. 0-0 Ne5 9. h3 Bc5 10. Kh1 d6 11. f4 Ned7 12. Qe2 b5 13. Rae1 Bb7 14. Bf2 Qb6 15. Nb3 Bxf2 16. Rxf2 0-0 17. a3 Rac8 18. Kh2 Rxc3 19. bxc3 Nxe4 20. Rf3 f5 21. c4 bxc4 22. Bxc4 d5 23. Bd3 e5 24. g3 Kh8 25. Rff1 Qd6 26. fxe5 Qxe5 27. Qe3 Rc8 28. Qf4 Qb2 29. Re2 Qxa3 30. Qxf5 Ndf6 31. Nd4 Qd6 32. Qf4 Qd7 33. Nf5 Rd8 34. Ree1 a5 35. Rb1 a4 36. Bb5 Bc6 37. Bd3 Bb7 38. Nd4 a3 39. Rb3 Ra8 40. Ra1 a2 41. Rb2 Rf8 42. Raxa2 Bc8 43. Bf1 Nxg3 44. Qxg3 Ne4 45. Qe1 Rxf1 46. Qxf1 Qd6+ 47. Kg1 Qg3+ 48. Qg2 Qe3+ 49. Kh1 Qc1+ 50. Qg1 Nf2+ 51. Kg2 Qe3 52. Qxf2 Qxh3+ 53. Kg1 Qg4+ 54. Kf1 Qd1+ 55. Kg2 Qg4+ 56. Qg3 1-0

[Event "Hastings Challengers 9596"]
[White "Moss, Robin"]
[Black "Haslinger, Mandy"]
[Site "Hastings"]
[Round "4"]
[Result "1-0"]
[Date "1995.??.??"]
[WhiteElo "2265"]
[BlackElo "2060"]
[PlyCount "67"]
[EventDate "1995.12.??"]
[EventType "swiss"]
[EventRounds "11"]
[EventCountry "ENG"]
[SourceTitle "CBM 050 Extra"]
[Source "ChessBase"]
[SourceDate "1996.03.01"]
[SourceVersion "1"]
[SourceVersionDate "1996.03.01"]
[SourceQuality "1"]

1. e4 c6 2. d4 d5 3. Nc3 dxe4 4. Nxe4 Nf6 5. Nxf6+ exf6 6. c3 Bd6 7. Bd3 Be6 8. Ne2 Nd7 9. Bf4 Qc7 10. Qd2 0-0 11. c4 Rad8 12. Rd1 Rfe8 13. 0-0 Bxf4 14. Nxf4 Nb6 15. b3 g6 16. Bb1 Qc8 17. Rfe1 Rd7 18. h4 Rdd8 19. h5 g5 20. Nxe6 fxe6 21. f4 g4 22. f5 Re7 23. Qf4 e5 24. dxe5 Rxd1 25. Qxg4+ Kh8 26. Qxd1 fxe5 27. Qd6 Qe8 28. Qf6+ Kg8 29. Re3 Rg7 30. h6 Rg4 31. Rxe5 Qd7 32. Qe6+ Qxe6 33. fxe6 Kf8 34. e7+ 1-0

[Event "Hastings Challengers 9192"]
[White "Wells, Peter K"]
[Black "Moss, Robin"]
[Site "Hastings"]
[Round "?"]
[Result "1-0"]
[Date "1991.??.??"]
[WhiteElo "2465"]
[BlackElo "2285"]
[PlyCount "55"]
[EventDate "1991.12.??"]
[EventType "swiss"]
[EventRounds "10"]
[EventCountry "ENG"]
[SourceTitle "CBM 026 Extra"]
[Source "ChessBase"]
[SourceDate "1992.03.01"]
[SourceVersion "1"]
[SourceVersionDate "1992.03.01"]
[SourceQuality "1"]

1. Nf3 Nf6 2. c4 g6 3. Nc3 Bg7 4. d4 0-0 5. e4 d6 6. Be2 e5 7. 0-0 Na6 8. Be3 Ng4 9. Bg5 Qe8 10. dxe5 dxe5 11. Nd2 Bf6 12. h4 h6 13. Bxg4 hxg5 14. Nd5 Bd8 15. Bxc8 Rxc8 16. hxg5 c6 17. Qg4 Ra8 18. Nf6+ Bxf6 19. gxf6 Nc5 20. Nf3 Qe6 21. Qh4 Rfd8 22. Rad1 a5 23. b3 Rd7 24. Nh2 Rd4 25. Ng4 Nxe4 26. Rxd4 exd4 27. Re1 g5 28. Qh6 1-0